[Event "Saint Louis blitz"]
[Site "Saint Louis"]
[Date "2017.08.18"]
[Round "18"]
[White "Aronian, Levon"]
[Black "Dominguez Perez, Leinier"]
[Result "1-0"]
[WhiteElo "2799"]
[BlackElo "2739"]
[PlyCount "87"]
[EventDate "2017.08.17"]
[EventType "tourn (blitz)"]
[EventRounds "18"]
[EventCountry "USA"]
[EventCategory "21"]
[SourceTitle "CBM 180"]
[Source "ChessBase"]
[SourceDate "2017.09.13"]
[SourceVersion "1"]
[SourceVersionDate "2017.09.13"]
[SourceQuality "1"]

1. d4 d5 2. Bf4 Bf5 3. e3 e6 4. Nf3 Bd6 5. Bg3 Nf6 6. c4 O-O 7. Nc3 dxc4 8.
Bxc4 c5 9. d5 exd5 10. Nxd5 Bxg3 11. hxg3 Nc6 12. Nc3 Qe7 13. O-O Rad8 14. Qe2
Ne5 15. Nxe5 Qxe5 16. Rad1 Bg4 17. f3 Qxg3 18. Bxf7+ Kxf7 19. fxg4 Kg8 20. Ne4
Nxe4 21. Rxd8 Rxd8 22. Qc4+ Kh8 23. Qxe4 h6 24. Qe7 Rc8 25. Rf4 b6 26. b3 Rg8
27. a4 a6 28. Kf1 Qh2 29. Kf2 Qh1 30. g5 Qa1 31. gxh6 Qb2+ 32. Kf3 gxh6 33.
Qf6+ Qxf6 34. Rxf6 b5 35. Rxh6+ Kg7 36. Rxa6 bxa4 37. Rxa4 Rb8 38. Ra5 Rc8 39.
g4 Kf6 40. Kf4 Ke6 41. g5 Kd5 42. b4 Rf8+ 43. Kg4 Ke4 44. Rxc5 1-0

[Event "Dortmund SuperGM 40th"]
[Site "Dortmund"]
[Date "2012.07.22"]
[Round "9"]
[White "Kramnik, Vladimir"]
[Black "Meier, Georg"]
[Result "1-0"]
[WhiteElo "2799"]
[BlackElo "2644"]
[Annotator "Kramnik,V"]
[PlyCount "65"]
[EventDate "2012.07.13"]
[EventType "tourn"]
[EventRounds "9"]
[EventCountry "GER"]
[EventCategory "19"]
[SourceTitle "CBM 150"]
[Source "ChessBase"]
[SourceDate "2012.09.14"]
[SourceVersion "1"]
[SourceVersionDate "2012.09.14"]
[SourceQuality "1"]

1. c4 Nf6 2. Nc3 c5 3. Nf3 e6 4. e3 {No big theory today... Keine große
Theorie heute...} Nc6 5. d4 d5 6. cxd5 Nxd5 (6... exd5 {is more common: ist
geläufiger:} 7. Bb5 Bd6 8. dxc5 Bxc5 9. O-O O-O 10. b3 Bg4 11. Bb2 Bd6 12. h3
Bh5 13. Be2 a6 14. Nh4 Bxe2 15. Nxe2 $14 {Kramnik-Polgar, Baku rapid 2010}) 7.
Bc4 (7. Bd3 cxd4 8. exd4 {is a tabiya. ist eine Tabiya.}) 7... cxd4 8. exd4 Be7
9. O-O O-O 10. Re1 {Here Georg was already on his own obviously, but managed
to find over the board a very interesting way of playing. Hier war Georg
offensichtlich bereits auf sich allein gestellt, schaffte es aber, am Brett
eine sehr interessante Spielweise zu finden.} Bf6 {Threatening ...Nb6, winning
a pawn. Droht ...Nb6, was einen Bauern gewinnt.} 11. Bb3 (11. Ne4 {is the main
theoretical continuation, but in general I believe White should try to put
pressure on Black's knight on d5 if he wants to fight for advantage in this
structure. ist die theoretische Hauptfortsetzung, aber generell glaube ich,
Weiß sollte versuchen, den schwarzen Springer auf d5 unter Druck zu setzen,
wenn er in dieser Struktur um Vorteil kämpfen will.} b6 12. a3 Bb7 13. Qd3 Rc8
14. Bd2 Nce7 {with a very complicated position, but Black is perfectly fine in
my opinion. mit einer sehr komplizierten Stellung, aber Schwarz steht meines
Erachtens absolut ordentlich.}) 11... Nde7 {A new and very unusual way of
playing this type of position, but possibly the best, at least computer
programs give it their approval. Eine neue und sehr ungewöhnliche Weise,
diesen Stellungstyp zu behandeln, aber womöglich die beste, zumindest geben
ihr Computerprogramme ihre Zustimmung.} (11... Nce7 12. Ne5 $5) (11... b6 12.
Nxd5 exd5 13. Ne5 $14) 12. Bf4 $5 {I was not sure that this continuation is
entirely correct, but it seemed to me to be the only way to complicate matters
and to play for a win. White has some play for the pawn, but objectively Black
is fine, of course. Ich war nicht sicher, ob diese Fortsetzung vollauf korrekt
ist, aber sie schien mir der einzige Weg zu sein, die Dinge zu komplizieren
und auf Gewinn zu spielen. Weiß hat einiges Spiel für den Bauern, aber
objektiv steht Schwarz natürlich ordentlich.} (12. Be3 {was "correct", but
leading to simplifications and very likely to a draw. war "korrekt", führte
aber zu Vereinfachung und sehr wahrscheinlich zum Remis.} Nf5 13. d5 {There is
no decent way to protect this pawn. Es gibt keine ordentliche Möglichkeit,
diesen Bauern zu decken.} Nxe3 14. Rxe3 exd5 $11) (12. Re4 {is too artificial
and just can't be right - ist zu künstlich und kann einfach nicht richtig sein
-} b6 $11) 12... Bxd4 {The simplest. Am einfachsten.} (12... Nxd4 {the
computer likes even more. gefällt dem Computer sogar noch besser.} 13. Ne4 (13.
Nxd4 Bxd4 {and Black is not worse, at a minimum, although the position is
still very complicated. und Schwarz steht zumindest nicht schlechter, obwohl
die Stellung noch immer sehr kompliziert ist.} 14. Qf3 (14. Nb5 Bb6) (14. Bg5
f6) 14... Ng6 15. Bg3 Qf6) 13... Nxb3 14. Nxf6+ gxf6 15. Qxb3 {is very unclear.
ist sehr unklar.}) 13. Nxd4 Nxd4 14. Bc4 {At least White has two bishops now.
Wenigstens hat Weiß jetzt die zwei Läufer.} Nec6 {By far not the only move,
but the most "human". Bei weitem nicht der einzige Zug, aber der
"menschlichste".} 15. Rc1 {A good move, keeping the tension. Ein guter Zug,
die Spannung wird aufrechterhalten.} (15. Qh5 {was tempting, but I didn't like
it because of war verlockend, missfiel mir aber wegen} Qa5 $1 {and White has
to change queens. und Weiß muss die Damen tauschen.} 16. Qxa5 Nxa5 17. Bd3 Nac6
$11) 15... Qf6 16. Bc7 $1 (16. Bd6 Rd8 17. Ne4 Qg6) 16... e5 {My opponent,
being seriously behind on the clock, is trying to clarify the position. A very
logical and natural decision, but things are not so easy for Black here
suddenly. Mein Gegner, auf der Uhr ernstlich im Hintertreffen, versucht, die
Position zu klären. Eine sehr logische und natürliche Entscheidung, aber hier
ist die Sache für Schwarz plötzlich nicht so einfach.} ({Probably it was
better to play Besser war wahrscheinlich} 16... Qe7 17. Bg3 Rd8 18. Qh5 Nf5 19.
Bf4 Bd7 {with an unclear complicated position, where Black is rather solid,
but White has his play for the pawn also. mit einer unklaren komplizierten
Stellung, wo Schwarz recht fest steht, aber auch Weiß sein Spiel für den
Bauern hat.}) 17. Nd5 Qg5 18. f4 $1 {Now it gets tactical, and you need to
calculate variations precisely. Nun wird es taktisch, und man muss Varianten
genau berechnen.} exf4 19. Bxf4 Qh4 (19... Qg4 20. Be3 {- a choice of the
computer - - eine Computerwahl -} (20. Bd6 $5) 20... Qxd1 21. Rexd1 Ne6 22. Bb5
{and White has more than enough play for the pawn. und Weiß hat mehr als genug
Spiel für den Bauern.}) (19... Qg6 {is not an option: ist keine Option:} 20.
Qxd4 $1 Nxd4 21. Ne7+ Kh8 22. Nxg6+ hxg6 23. Bd6 $16 Rd8 24. Be7) 20. Bg3 (20.
Re4 $5 {I was trying to make this work during the game but it is not clear:
Während der Partie versuchte ich, dies zum Funktionieren zu bringen, aber es
ist nicht klar:} Bg4 (20... Ne6 $13 21. g3 Qd8 22. Be3) 21. Qd2 (21. Bd6 $13)
21... Nf3+ $1 22. gxf3 Bxf3 {with a total mess, for instance mit totalem
Durcheinander, zum Beispiel} 23. Bd3 Qg4+ 24. Kf2 Qg2+ 25. Ke3 Qh3 $13) 20...
Qd8 $2 {The only mistake of my opponent in this game, but in such a sharp
position you pay the full price for it. Der einzige Fehler meines Gegners in
dieser Partie, aber in einer solchen scharfen Stellung zahlt man den vollen
Preis dafür.} (20... Qg5 {was obligatory, with a very sharp play which seems
to end in a more or less equal position: war Pflicht, mit sehr scharfem Spiel,
welches in eine mehr oder weniger ausgeglichene Stellung zu münden scheint:}
21. Re4 $1 (21. Bf4 {White has a draw if he wants, of course. Weiß hat ein
natürlich ein Remis, wenn er will.} Qh4) 21... Nf5 $1 (21... Bf5 22. Rxd4 Nxd4
23. Bf4 $1) 22. Rg4 $1 Qh6 $8 (22... Qd8 23. Bc7) 23. Bf4 Qe6 $8 24. Nc7 (24.
Qf1 $5 $13) 24... Qe4 $1 25. Nxa8 Ne3 26. Qf3 $1 Qxf3 27. gxf3 Nxc4 $1 28. Rg2
N4e5 29. Bxe5 Nxe5 {Not an easy line to calculate, I must admit. Ein nicht
leicht zu berechnendes Abspiel, muss ich zugeben.}) 21. Nc7 Rb8 22. Nb5 Ra8 23.
Bd6 $1 {That is what Georg has missed in his calculations. Now Black is in
trouble all of a sudden. Dies ist, was Georg in seinen Berechnungen übersehen
hatte. Urplötzlich ist Schwarz in Schwierigkeiten.} Re8 {Not seeing a nice
combination which is winning by force. Anyway, there was nothing really
satisfactory for Black already. Übersieht eine schöne Kombination, die
forciert gewinnt. Allerdings gab es sowieso bereits nichts wirklich
Befriedigendes für Schwarz mehr.} (23... Nxb5 $142 {was more stubborn, but
White wins an exchange in all variations and later the game normally also: war
hartnäckiger, aber Weiß gewinnt in allen Varianten eine Qualität und später
normalerweise auch die Partie:} 24. Bxf8 Qb6+ 25. Kh1 Kxf8 26. Bxb5 Be6 (26...
Qxb5 $2 27. Qd6+) 27. Bxc6) 24. Bxf7+ $1 Kxf7 25. Qh5+ g6 26. Qxh7+ Kf6 27.
Nxd4 $1 {The best and the simplest. Das Besten und Einfachste.} Nxd4 (27...
Rxe1+ 28. Rxe1 Qxd6 29. Rf1+ (29. Qh8+ {also wins - gewinnt auch -} Kf7 30.
Nxc6) 29... Ke5 (29... Bf5 30. Nxf5 Qc5+ 31. Ne3+) 30. Nf3+ Kd5 31. Rd1+ Kc5
32. Rxd6) 28. Qh4+ Kf7 29. Rc7+ (29. Qxd4 {is also winning, of course, but the
text is more precise. gewinnt ebenfalls, natürlich, aber der Text ist genauer.}
) 29... Bd7 (29... Qxc7 30. Qh7+ Kf6 31. Rf1+ Bf5 32. Bxc7) 30. Qh7+ Kf6 31.
Rf1+ Ke6 {A generous gesture from my opponent :) Eine großzügige Geste von
meinem Gegner :)} (31... Nf5 32. Rxd7 Qb6+ 33. Kh1) 32. Qxg6+ Kd5 33. Rc5# 1-0

[Event "Chess Super League 2021"]
[Site "chess.com INT"]
[Date "2021.10.13"]
[Round "3.3"]
[White "Ding Liren"]
[Black "Vidit, S."]
[Result "0-1"]
[WhiteElo "2799"]
[BlackElo "2727"]
[PlyCount "94"]
[EventDate "2021.10.11"]
[EventType "team"]
[SourceVersionDate "2018.05.14"]
[WhiteTeam "Pivotal Pawns"]
[BlackTeam "Brutal Bishops"]

1. d4 Nf6 2. Bf4 d5 3. e3 c5 4. dxc5 Qa5+ 5. Nc3 Qxc5 6. Nb5 Na6 7. c3 Bd7 8.
a4 e6 9. Nf3 Be7 10. Be2 O-O 11. O-O Qb6 12. Qd4 Bc5 13. Qd3 Rfc8 14. b4 Be7
15. Rfc1 Qd8 16. Qd4 Qb6 17. Be5 Be8 18. h3 h6 19. Qxb6 axb6 20. Bd4 Nd7 21.
Bd3 f6 22. e4 e5 23. Be3 f5 24. exd5 e4 25. d6 Bf6 26. Be2 exf3 27. Bxf3 Rab8
28. a5 bxa5 29. Rxa5 Ne5 30. Bd5+ Bf7 31. Bxf7+ Kxf7 32. d7 Rd8 33. Nd6+ Ke6
34. Nxb7 Rxb7 35. Rxa6+ Kf7 36. c4 Rxb4 37. c5 Rxd7 38. c6 Rc7 39. Ra7 Bd8 40.
Rca1 Ke6 41. Ra8 Nxc6 42. Rc1 Bf6 43. Ra6 Kd7 44. Rd1+ Ke8 45. Rc1 Nb8 46. Re6+
Kd7 47. Rxc7+ Kxe6 0-1

[Event "London Classic 4th"]
[Site "London"]
[Date "2012.12.06"]
[Round "5"]
[White "Kramnik, Vladimir"]
[Black "McShane, Luke J"]
[Result "1-0"]
[WhiteElo "2795"]
[BlackElo "2713"]
[Annotator "Kramnik,V"]
[PlyCount "97"]
[EventDate "2012.12.01"]
[EventType "tourn"]
[EventRounds "9"]
[EventCountry "ENG"]
[EventCategory "21"]
[SourceTitle "CBM 152"]
[Source "ChessBase"]
[SourceDate "2013.01.15"]
[SourceVersion "1"]
[SourceVersionDate "2013.01.15"]
[SourceQuality "1"]

1. d4 d5 2. c4 c6 3. Nf3 Nf6 4. Nc3 a6 5. g3 dxc4 6. a4 e6 7. Bg2 c5 8. O-O
cxd4 9. Nxd4 Nbd7 10. Nc2 Qc7 (10... Bc5 {was played against me by Karjakin in
a blitz tournament in Moscow 2009, but after wurde von Karjakin gegen mich in
einem Blitzturnier in Moskau 2009 gespielt, aber nach} 11. Ne3 Ne5 12. Qxd8+
Kxd8 13. a5 Rb8 14. Na4 Bb4 15. f4 Neg4 16. Nxc4 Bd7 17. h3 Bb5 18. b3 Nh6 19.
g4 {I quickly achieved a winning position. erreichte ich schnell eine
Gewinnstellung.}) 11. Bf4 $146 {An interesting, although far from clear,
continuation, which I analysed a long time ago. I could not remember clearly
the lines, but decided to try it anyway. Eine interessante, wenngleich
keineswegs klare Fortsetzung, die ich vor langer Zeit analysiert hatte. Ich
konnte mich nicht klar an die Varianten erinnern, beschloss aber, es trotzdem
zu versuchen.} (11. Qd4 {was played by me more than fifteen years ago(!) in my
game against Boris Gelfand, Linares 1997. wurde von mir vor mehr als fünfzehn
Jahren (!) gespielt, in meiner Partie gegen Boris Gelfand, Linares 1997.} Bc5
$1 12. Qh4 Be7 $1 13. Na3 Ne5 {and Boris managed to equalise. und Boris gelang
es auszugleichen.}) 11... e5 (11... Qc5 $143 12. Rc1 Be7 13. Ne3) 12. Bd2 {
The point, now White wants to play Ne3 and Nd5 and Black has to react; the
game becomes very sharp. Die Pointe, jetzt will Weiß Ne3 und Nd5 spielen, und
Schwarz muss reagieren; das Spiel wird sehr scharf.} (12. Bg5 $143 h6) 12...
Nc5 (12... Bc5 $143 13. Ne3 Bxe3 (13... O-O 14. Rc1 Rb8 15. Ncd5) 14. Bxe3 O-O
15. a5 {und Weiß hat offensichtlich Vorteil.}) 13. Bg5 Be6 (13... Nb3 {was a
serious alternative and possibly more precise: war eine ernste Alternative und
eventuell genauer:} 14. Bxf6 gxf6 15. Nd5 Qd8 16. a5 {The most interesting
move here in my opinion. Meines Erachtens der interessanteste Zug hier.} (16.
Rb1 Be6 17. Nce3 Rc8) (16. Ra2 Be6 17. a5 Bc5) 16... Nxa1 17. Qxa1 {White
definitely has play for the exchange, but the position is very unclear. Weiß
hat definitiv Spiel für die Qualität, aber die Stellung ist sehr unklar.} Bc5
18. Rd1 $13) 14. Bxf6 gxf6 15. Nd5 Qd8 16. Nce3 (16. a5 {is safer, but looks
rather equal after ist sicherer, sieht aber ziemlich ausgeglichen aus nach} Nb3
17. Ra4 Nxa5 18. Nce3 Bh6 19. Nxc4 Nxc4 20. Rxc4 O-O 21. Rc3 Rc8 $11) 16... Nb3
17. a5 $1 {A risky, but logical sac. Now Luke spent almost an hour on his next
move and still did not choose the best one. I have to say that the position is
very complicated and difficult to play. Ein riskantes, aber logisches Opfer.
Nun verbrauchte Luke fast eine Stunde für seinen nächsten Zug und wählte
dennoch nicht den besten. Dazu muss ich sagen, dass die Stellung sehr
kompliziert und schwer zu spielen ist.} Rc8 (17... Nxa1 18. Qa4+ $1 {that is
the point Das ist die Pointe.} Bd7 19. Qxa1 Bc5 20. Nxc4 {and White's
initiative is very powerful here, for example und die Initiative von Weiß ist
hier sehr kraftvoll, zum Beispiel} Be6 21. Rd1 Rb8 22. Qc1 Bd4 23. Ncb6 $36) (
17... Bh6 {doesn't help either: hilft ebenfalls nicht:} 18. Nxc4 Nxa1 19. Ncb6
$16 Rb8 20. Qa4+ Kf8 21. Rxa1 Kg7 22. Rd1 Qe8 23. Qh4 Bg5 24. Qh5 {and I
wouldn't like to be Black here obviously. , und ich wäre hier bestimmt nicht
gerne Schwarz.}) (17... Bc5 $142 $1 18. Ra4 {I would definitely prefer White
here, but Black can resist: Ich würde hier definitiv Weiß vorziehen, aber
Schwarz kann sich wehren:} Nxa5 $1 (18... Rc8 19. Nxc4 Nd4 20. Nc3 Ba7 21. b3)
19. Nxc4 (19. Nxf6+ Qxf6 20. Rxa5 Rd8 21. Qc2) (19. Qc1 $5) 19... Nc6 {and
although there is a lot of play for White, things are not totaly clear. The
following line is best, according to the computers, and at the end White has a
serious initiative in a messy position. , und obwohl es eine Menge Spiel für
Weiß gibt, ist die Sache nicht absolut klar. Die folgende Variante ist, laut
den Computern, am besten, und am Ende hat Weiß eine ernste Initiative in einer
chaotischen Stellung.} (19... Nxc4 20. Rxc4 Rc8 21. Qc2 Bxd5 22. Rxc5 Rxc5 23.
Qxc5 Bxg2 24. Kxg2 {looks unpleasant sieht unangenehm aus.}) 20. e3 Rc8 21. Qh5
Bxd5 22. Rd1 Bd4 23. exd4 Bxc4 24. Rxc4 Nxd4 25. Bd5 Rc7 26. Rcxd4 $1 exd4 27.
Rxd4 Qd7 28. Kg2 h6 29. Qf3) 18. Ra4 Nd4 (18... Nxa5 {is much less efficient
already ist bereits weit weniger wirksam:} 19. Nxf6+ (19. Rxa5 $5 Qxa5 20.
Nxf6+ Ke7 21. Ned5+ Kd8) 19... Qxf6 20. Rxa5 e4 21. Qc2 {White is better here
clearly Weiß steht hier klar besser.} Bg7 22. Rb1 c3 23. bxc3) (18... Bc5 19.
Nxc4 $16) 19. Nb6 Rc7 20. Rxc4 {This strong move was admittedly underestimated
by my opponent. Diesen starken Zug wurde von meinem Gegner zugegebenerweise
unterschätzt.} (20. Nexc4 Bg4 $13) 20... Bxc4 (20... Bc5 21. Nbd5 Rc8 22. Qd3)
21. Nexc4 $16 Nb5 {Probably not the best, although there is no good advice one
can give. Wahrscheinlich nicht am besten, wenngleich guter Rat teuer ist.} (
21... Bc5 22. e3 Bxb6 23. Nxb6 $16) (21... Be7 22. e3 Ne6 23. Qa4+ Kf8 24. Nd5
$16) 22. Qb1 {Computers prefer Qa4, but I like to put my queen on f5. Die
Computer bevorzugen Qa4, aber ich stelle meine Dame gerne nach f5.} Qd4 23. Rd1
Qc5 24. e3 (24. Ne3 {Again, computers prefer this direct approach, but e3
looks very human, just stopping Black's only active idea ...Nd4 and White
slowly starts to improve his position: Erneut bevorzugen die Computer diese
direkte Herangehensweise, aber e3 sieht sehr menschlich aus, es wird einfach
die einzige aktive schwarze Idee ...Nd4 verhindert, und Weiß geht langsam
daran, seine Stellung zu verbessern:} Nd4 25. Ned5 Nxe2+ 26. Kf1 $18) 24... Be7
{Black has no moves practically, so from now on White just have to choose
which of many attractive possibilities to play. Schwarz hat praktisch keine
Züge, daher muss sich Weiß von jetzt an lediglich aussuchen, welche von vielen
attraktiven Möglichkeiten er spielen will.} 25. Qf5 Kf8 26. Bd5 Kg7 27. Qg4+
Kh6 28. e4 {Playing for direct mate, although Bxf7 was good as well. Spielt
auf direktes Matt, wobei Bxf7 ebenfalls gut war.} Nd4 29. Ne3 {I was already
looking for mate, not paying too much attention to the other side of the board,
but in fact our silicon friend (enemy?) discovers a very nice geometrical
motif instead: Ich suchte bereits nach dem Matt und zollte daher der anderen
Brettseite nicht viel Aufmerksamkeit, unser Silikon-Freund (Feind?) jedoch
entdeckt stattdessen ein sehr schönes geometrisches Motiv:} (29. b4 $1 Qxb4 30.
Rxd4 exd4 31. Qf4+ Kg7 32. Qxc7 {winning. mit Gewinn.}) 29... f5 {Here I took
time to calculate variations and actually saw the whole line which happened in
the game, including Qg4, which clarifies matters completely. I must admit, my
opponent has only moves all the time, so it was not very difficult. Hier ließ
ich mir Zeit, die Varianten zu berechnen, und sah tatsächlich das ganze
Abspiel, zu dem es in der Partie kam, einschließlich Qg4, was die Sache
endgültig klärt. Ich muss zugeben, mein Gegner hat die ganze Zeit einzige Züge,
sehr schwer war es daher nicht.} 30. Qh3+ Kg7 31. Rxd4 $1 exd4 32. Nxf5+ Kf8
33. Qh6+ Ke8 34. Bxf7+ Kd8 (34... Kxf7 35. Qg7+ $18) 35. Qg7 Rf8 36. Nxd4 (36.
Nd5 {is good enough as well. ist ebenfalls gut genug.}) 36... Rc6 (36... Rxf7
37. Qxf7 Qxd4 38. Qg8+ Bf8 39. Qxf8#) 37. Nxc6+ bxc6 (37... Qxc6 38. Qxh7 Bf6
39. Nd5 $18) 38. Qg4 $1 Kc7 {Otherwise White mates on d7 or c8.  Ansonsten
setzt Weiß auf d7 oder c8 matt.} 39. Qd7+ Kb8 40. Qd2 {Pure stupidity. Seeing
that Luke had 15 seconds left for his last move, I decided instead of the
planned Kg2 to play something unexpected, hoping to win on time. Reine
Dummheit. Sehend, dass Luke 15 Sekunden für seinen letzten Zug hatte,
beschloss ich, statt des geplanten Kg2 etwas Unerwartetes zu spielen - in der
Hoffnung, auf Zeit zu gewinnen.} Kc7 (40... Bg5 $1 {was an incredible tricky
move, which would not save the game, but at least prolong it. Well, I am not
sure anyone would find it with just seconds on his clock. war ein unglaublich
trickreicher Zug, der die Partie zwar nicht retten, aber zumindest verlängern
würde. Nun, ich bin nicht sicher, dass ihn mit nur Sekunden auf seiner Uhr
jeder finden würde.} 41. Nd7+ Kc8 $1 42. Qd1 {The simplest Am einfachsten.} Rd8
43. Qg4 $1 Qe7 (43... Rxd7 44. Be6) 44. Nf6+ Kb7 45. Qxg5 Qxf7 46. e5 {easily
winning. mit leichtem Gewinn.}) 41. Qd7+ Kb8 42. Kg2 {No more cheap tricks :)
Keine billigen Tricks mehr :)} Bd6 {It is completely lost anyway, White has a
material advantage and an attack in addition. Es ist sowieso komplett verloren,
Weiß hat Materialvorteil und obendrein noch Angriff.} (42... Rd8 43. Qxd8+ Bxd8
44. Nd7+ Ka7 45. Nxc5 $18) (42... Rxf7 43. Qc8+ Ka7 44. Qc7#) 43. b4 Qd4 44.
Qxc6 {The rest is simple and easy. White has a number of wins on every next
move. Usually I am quite strong when I am five pawns up :) Der Rest ist
einfach. Weiß hat bei jedem der nächsten Züge eine Reihe von
Gewinnmöglichkeiten. Gewöhnlich bin ich recht stark, wenn ich fünf Bauern mehr
habe :)} Ka7 45. Kh3 Qd1 46. Nc8+ Rxc8 47. Qxc8 Qf1+ 48. Kg4 h5+ 49. Kxh5 {
I was slightly worried about blundering some stalemate, but there is nothing
he can do about his bishop fortunately :) Ich war leicht besorgt, noch
irgendein Patt zu übersehen, aber zum Glück kann er ja mit seinem Läufer
nichts machen :)} 1-0